书目信息 |
| 题名: |
自然辨证法教程
|
|
| 作者: | 胡光 著 | |
| 分册: | ||
| 出版信息: | 长春 吉林人民出版社 2005 |
|
| 页数: | 342页 | |
| 开本: | 20cm | |
| 丛书名: | ||
| 单 册: | ||
| 中图分类: | N031 | |
| 科图分类: | ||
| 主题词: | 自然辩证法--高等学校--教材 , 自然辩证法 | |
| 电子资源: | ||
| ISBN: | 7-206-02967-1 | |
| 000 | 00792nam0 2200265 45 | |
| 001 | 0120050101742 | |
| 005 | 20070708153554.10 | |
| 010 | @a7-206-02967-1@dCNY27.50 | |
| 092 | @aCN@b470873 | |
| 100 | @a20051017d2005 em y0chiy0120 ea | |
| 101 | 0 | @achi |
| 102 | @aCN@b220000 | |
| 105 | @ay z 000yy | |
| 200 | 1 | @a自然辨证法教程@9zi ran bian zheng fa jiao cheng@f胡光[等]著 |
| 205 | @a2版 | |
| 210 | @a长春@c吉林人民出版社@d2005 | |
| 215 | @a342页@d20cm | |
| 320 | @a有书目 | |
| 330 | @a本书主要介绍了自然辨证法产生的历史意义,自然界与人,自然辨证法的范畴及规律,自然科学及自然科学家等内容。 | |
| 606 | 0 | @a自然辩证法@x高等学校@j教材 |
| 606 | 0 | @a自然辩证法 |
| 690 | @aN031@v4 | |
| 701 | 0 | @a胡光@9hu guang@4著 |
| 801 | 0 | @aCN@bLZJBOOK@c20070708 |
| 905 | @a10447@dN031@e174=2 | |
| 自然辨证法教程/胡光[等]著.-2版.-长春:吉林人民出版社,2005 |
| 342页;20cm |
| ISBN 7-206-02967-1:CNY27.50 |
| 本书主要介绍了自然辨证法产生的历史意义,自然界与人,自然辨证法的范畴及规律,自然科学及自然科学家等内容。 |
| ● |
| 相关链接 |
|
|
|
|
正题名:自然辨证法教程
索取号:N031/174=2
 
预约/预借
| 序号 | 登录号 | 条形码 | 馆藏地/架位号 | 状态 | 备注 |
| 1 | 0563257 | 205632573 | 第二样本阅览室/ [索取号:N031/174=2] | 在馆 | |
| 2 | 0563258 | 205632582 | 第三借阅区/ [索取号:N031/174=2] | 在馆 | |
| 3 | 0563259 | 205632591 | 第三借阅区/ [索取号:N031/174=2] | 在馆 | |
| 4 | 0563260 | 205632608 | 第三借阅区/ [索取号:N031/174=2] | 在馆 | |
| 5 | 0563261 | 205632617 | 第三借阅区/ [索取号:N031/174=2] | 在馆 | |
| 6 | 0563262 | 205632626 | 第三借阅区/ [索取号:N031/174=2] | 在馆 | |
| 7 | 0563263 | 205632635 | 第三借阅区/ [索取号:N031/174=2] | 在馆 | |
| 8 | 0563264 | 205632644 | 第三借阅区/ [索取号:N031/174=2] | 在馆 |